Compendio de la historia geográfica natural y civil del Reino de Chile: primera y segunda parte

Saved in:
Bibliografiske detaljer
Hovedforfatter: Molina, Juan Ignacio Molina, Giovanni Ignazio (autor)
Format: Bog
Sprog:spansk
Udgivet: Santiago, Chile Pehuén Editores 2016
Udgivelse:Tercera edición
Serier:Biblioteca del Bicentenario
Fag:
Tags: Tilføj Tag
Ingen Tags, Vær først til at tagge denne postø!

MARC

LEADER 00000cam a2200000 a 4500
001 UCD8733
003 CL-VaPUC
005 20220727074333.0
008 170519e20160000cl |||||||||||||||||spa|d
999 |c 368042  |d 368040 
020 |a 9789561606661 
040 |c Pontificia Universidad Católica de Valparaíso 
082 0 4 |a 983.03 MOL 2016  |2 21 
100 |a Molina, Juan Ignacio  |e autor  |q Molina, Giovanni Ignazio  |9 866579 
245 1 0 |a Compendio de la historia geográfica natural y civil del Reino de Chile:  |b  primera y segunda parte 
250 |a Tercera edición 
260 |a Santiago, Chile  |b Pehuén Editores  |c 2016 
300 |a 531 páginas 
490 0 |a Biblioteca del Bicentenario 
583 |a last modification  |c 20170519 15:42:00  |k Rodrigo Vera 
650 0 |a Historia de Chile  |9 265473 
650 0 |a Historia natural   |z CHILE  |9 268584 
650 0 |a Geografía de Chile   |9 268295 
852 |a BIBCUR 
942 |c BK  |2 ddc 
945 |d 20170519 15:42:00  |a arojas 
952 |0 0  |1 0  |2 ddc  |3 erb  |4 0  |6 983_030000000000000_MOL_2016  |7 0  |8 A  |9 483292  |a BIBHIS  |b BIBHIS  |i 5376432  |l 2  |o 983.03 MOL 2016  |p 5376432  |r 2025-01-20  |s 2020-10-09  |t 1  |w 2019-11-24  |y BK  |z Catalogado en:20170519  |k HIS 
952 |0 0  |1 0  |2 ddc  |3 erb  |4 0  |6 983_030000000000000_MOL_2016  |7 0  |8 A  |9 483293  |a BIBING  |b BIBING  |i 5476992  |o 983.03 MOL 2016  |p 5476992  |r 2025-01-20  |t 2  |w 2019-11-24  |y BK  |z Catalogado en:20180622  |k GEO